|
|
|
|
| LEADER |
01058nam a2200253 a 4500 |
| 001 |
28436 |
| 003 |
BD-DhAAL |
| 005 |
20141022163543.0 |
| 008 |
141022s1975 nyu 000 0 eng d |
| 020 |
|
|
|a 9847002001099
|
| 040 |
|
|
|a DLC
|c DLC
|d DLC
|d BD-DhAAL
|
| 082 |
0 |
0 |
|a 823/.7
|2 18
|
| 100 |
1 |
|
|a Lamb, Charles,
|d 1775-1834.
|9 5808
|
| 245 |
1 |
0 |
|a Tales from Shakespeare /
|c by Charles and Mary Lamb.
|
| 260 |
|
|
|a Calcutta :
|b Radha Publishing ;
|a Dhaka :
|b Friends Book Corner,
|c 2010
|
| 300 |
|
|
|c 18
|a 312, xvi, 16 p. ;
|
| 541 |
1 |
|
|e 28436
|
| 600 |
1 |
0 |
|a Shakespeare, William,
|d 1564-1616
|x Stories, plots, etc.
|v Juvenile literature.
|9 5809
|
| 600 |
1 |
0 |
|a Shakespeare, William,
|d 1564-1616
|v Adaptations.
|9 5810
|
| 700 |
1 |
|
|a Lamb, Mary,
|d 1764-1847.
|9 5811
|
| 852 |
4 |
|
|a Ayesha Abed Library
|j General shelf
|
| 942 |
|
|
|2 ddc
|c BK
|
| 999 |
|
|
|c 32976
|d 32976
|
| 952 |
|
|
|0 0
|1 0
|2 ddc
|4 0
|6 823_700000000000000_LAM
|7 0
|9 43920
|a BRACUL
|b BRACUL
|c GEN
|d 2014-10-22
|e Friends Book Corner
|l 4
|m 69
|o 823.7 LAM
|p 3010028436
|r 2026-05-18
|s 2026-03-03
|t 1
|w 2014-10-22
|y BK
|x Transferred from BIL to BRACUL on 06/06/22
|